|
|
|
|
| LEADER |
00000nab a2200000 a 4500 |
| 001 |
vtls009185580 |
| 003 |
SK-MaSNL |
| 005 |
20260304152607.0 |
| 008 |
250506c2008 xo mr|p|||||||000 b|slo |
| 015 |
|
|
|a SNBRB2008/02
|2 snkbucl
|
| 035 |
|
|
|a (uuid)bf4b0e56-fd61-4470-8347-19882877b0b4
|
| 035 |
|
|
|a urn:nbn:sk:snk-ab11uw
|
| 035 |
|
|
|a (urnnbn)urn:nbn:sk:snk:ar-003kw3
|
| 038 |
|
|
|a SNKBUCL
|
| 040 |
|
|
|a SNKBUCL
|b slo
|c SNKBUCL
|e AACR2
|
| 041 |
0 |
|
|a slo
|
| 044 |
|
|
|a xo
|c SK
|
| 080 |
|
|
|a 347.235
|2 2001
|
| 100 |
1 |
|
|a Fečík, Marián
|4 aut
|9 351551
|
| 245 |
1 |
0 |
|a Spochybnenie hodnovernosti údajov katastra o práve k nehnuteľnosti ako poznámka v katastri nehnuteľností
|c Marián Fečík
|
| 504 |
|
|
|a Bibliogr. odkazy
|
| 650 |
0 |
7 |
|a hodnovernosť údajov
|2 snkbucl
|9 1474987
|
| 650 |
0 |
7 |
|a kataster nehnuteľností
|2 snkbucl
|9 2235
|
| 650 |
0 |
7 |
|a dáta
|2 snkbucl
|9 4215
|
| 655 |
|
7 |
|2 snkbucl
|
| 773 |
0 |
|
|t Justičná revue
|g Roč. 60, č. 1 (2008), s. 51-57
|x 1335-6461
|
| 850 |
|
|
|a Slovenská národná knižnica
|
| 852 |
|
|
|a Slovenská národná knižnica
|
| 954 |
|
|
|a odborná, vedecká literatúra pôvodná (slovenská)
|2 lita
|
| 958 |
|
|
|a article27
|
| 958 |
|
|
|a OND
|
| 958 |
|
|
|a SK
|
| 958 |
|
|
|a NB
|
| 958 |
|
|
|a EUIPO
|
| 999 |
|
|
|c 2949949
|d 2951879
|